| 000 | 00386nam a22001457a 4500 | ||
|---|---|---|---|
| 005 | 20171102144850.0 | ||
| 008 | 171102b xxu||||| |||| 00| 0 eng d | ||
| 020 | _a02603063 | ||
| 040 | _cPK-LaUMT | ||
| 082 |
_aPKAC 028.1 _bMUS- |
||
| 245 | _aThe Muslim world book review(Vol 28 no 4)/ | ||
| 260 |
_aLeicstershire, UK: _bThe Islamic foundation, _c2008 |
||
| 300 | _a86 p. | ||
| 942 | _cBK | ||
| 999 |
_c99767 _d99767 |
||